000 00595nam a2200181Ia 4500
008 100921s9999 xx 000 0 und d
082 _b8364
_a820 थ 37
100 _aJairazbhoy Al-Hajj Qassim Ali.
245 _aMuhammad A Mercy To All The Nations.
260 _bलुझॅक अँड कंपनी,लंडन.
_c1937
300 _a389
_b---
365 _b0
520 _aललित इंग्रजी.
630 _aMuhammad A Mercy To All The Nations.
650 _aललित इंग्रजी.
730 _aMuhammad A Mercy To All The Nations.
942 _cBOOK
999 _c757477
_d757474